000 00770nam a2200181Ia 4500
008 090630s9999 xx 000 0 und d
082 _b14960
100 _aखडपेकर श्री. वि.
245 _aव्यावसायिक परीपाठ.
_cखडपेकर श्री. वि.
260 _bमहाराष्ट्र विद्यापीठ ग्रंथनिर्मिती मंडळ - नागपूर.
_c1981
300 _a491
600 _aखडपेकर श्री. वि.
630 _aव्यावसायिक परीपाठ.
655 _aइतर.
700 _aखडपेकर श्री. वि.
730 _aव्यावसायिक परीपाठ.
942 _cBOOK
999 _c266816
_d266816